El secreto de Suri /
Guardado en:
| Autor Principal: | |
|---|---|
| Formato: | Libro |
| Idioma: | Undetermined |
| Publicado: |
Ituzaingó :
Maipue,
2018.
|
| Series: | Niñez y Adolescencia
|
| Materias: | |
| Etiquetas: |
Agregar Etiqueta
Sin Etiquetas, Sea el primero en etiquetar este registro!
|
| LEADER | 00644nam a22002295a 4500 | ||
|---|---|---|---|
| 001 | CEM.cems018758 | ||
| 008 | 210715s2018####xx############000#0#und#d | ||
| 005 | 20220408104658.0 | ||
| 003 | CEMS | ||
| 245 | 1 | 0 | |a El secreto de Suri / |c María Cecilia López. |
| 260 | |a Ituzaingó : |b Maipue, |c 2018. | ||
| 300 | |a 16 p. | ||
| 490 | 1 | |a Niñez y Adolescencia | |
| 020 | |a 9789874490032 | ||
| 100 | 1 | |a López, María Cecilia. | |
| 082 | 0 | 4 | |a A862.9282 |
| 650 | 7 | |a Literatura | |
| 650 | 7 | |a Literatura argentina | |
| 650 | 7 | |a Fábula | |
| 650 | 7 | |a Prevención del abuso | |
| 650 | 7 | |a Abuso infantil | |
| 859 | |a CEMS |b BIB. CEMS - 11 de abril |h A862.9282 |i L881 |p 29108.21 | ||
